000 00446nab a2200145Ia 4500
003 ES-SlBCS
005 20210601134620.0
008 140529s1982 xxu||||| |||| 00| 0 spa d
041 _aspa
100 1 _aPrieto, Luis
_981652
245 0 0 _aImplicaciones pastorales de la teología de la liberación
_c Luis Prieto
650 0 4 _aTeología de la Liberación
_986892
773 0 _tAnthropos
_gvol. 3, nº. 5, 1982, págs. 127-141
_wRev38
942 _cAR
999 _c615328
_d615328